Library Logo

Pioneer International University Library Catalogue

COMPUTERS AND EDUCATION (Record no. 9939)

MARC details
000 -LEADER
fixed length control field 00377nam a22001457a 4500
003 - CONTROL NUMBER IDENTIFIER
control field OSt
005 - DATE AND TIME OF LATEST TRANSACTION
control field 20260204121258.0
008 - FIXED-LENGTH DATA ELEMENTS--GENERAL INFORMATION
fixed length control field 260204b |||||||| |||| 00| 0 eng d
020 ## - INTERNATIONAL STANDARD BOOK NUMBER
International Standard Book Number 0737716096
040 ## - CATALOGING SOURCE
Transcribing agency GREENHAVEN PRESS
050 ## - LIBRARY OF CONGRESS CALL NUMBER
Classification number PIUDLMUR922
245 ## - TITLE STATEMENT
Title COMPUTERS AND EDUCATION
Statement of responsibility, etc. THOMSON GALE
260 ## - PUBLICATION, DISTRIBUTION, ETC.
Place of publication, distribution, etc. FARMINGTON HILLS
Name of publisher, distributor, etc. GREENHAVEN PRESS
Date of publication, distribution, etc. 2003
942 ## - ADDED ENTRY ELEMENTS (KOHA)
Source of classification or shelving scheme Dewey Decimal Classification
Koha item type Books
Suppress in OPAC No
Holdings
Withdrawn status Lost status Source of classification or shelving scheme Damaged status Not for loan Home library Current library Date acquired Total checkouts Barcode Date last seen Price effective from Koha item type
    Library of Congress Classification     PIU Library PIU Library 02/04/2026   PIUDMUR922 02/04/2026 02/04/2026 Books